000 01322cam a2200169 4500500
005 20260426010519.0
041 _afre
042 _adc
100 1 0 _aDuflo, Colas
_eauthor
245 0 0 _aMontesquieu, une science politique des religions
260 _c2005.
500 _a60
520 _aAux livres XXIV et XXV de l’ Esprit des Lois, Montesquieu analyse la religion comme élément d’une réalité politique dont il cherche à découvrir la rationalité sous-jacente. Colas Duflo* examine ici les implications épistémologiques et politiques de ces textes en évoquant à la fois leur contexte polémique initial et leurs prolongements dans la philosophie politique contemporaine.
520 _aIn his major work, Esprit des lois (books xxiv and xxv), Montesquieu analyses religion as an element of the political reality whose underlying rationality he is looking for. In his essay, Colas Duflo examines the epistemological and political factors implied in these pages by describing their controversial original context and their consequences on the political philosophy of his time.
786 0 _nÉtudes théologiques et religieuses | 80 | 2 | 2005-06-01 | p. 189-199 | 0014-2239
856 4 1 _uhttps://shs.cairn.info/revue-etudes-theologiques-et-religieuses-2005-2-page-189?lang=fr&redirect-ssocas=7080
999 _c2222474
_d2222474